<?xml version="1.0" encoding="UTF-8"?>
<marc:record xmlns:marc="http://www.loc.gov/MARC21/slim">
   <marc:leader>00000nam a2200000 a 4500</marc:leader>
   <marc:datafield ind1="1" ind2=" " tag="100">
      <marc:subfield code="a">Treiber, Jutta</marc:subfield>
      <marc:subfield code="4">aut</marc:subfield>
      <marc:subfield code="e">Verfasser/-in</marc:subfield>
   </marc:datafield>
   <marc:datafield ind1="1" ind2=" " tag="100">
      <marc:subfield code="a">Karre, Vanessa</marc:subfield>
   </marc:datafield>
   <marc:datafield ind1="0" ind2="0" tag="245">
      <marc:subfield code="a">Prinzessin Grünerbse schlägt drei Purzelbäume auf dem Misthaufen</marc:subfield>
   </marc:datafield>
   <marc:datafield ind1="0" ind2="0" tag="245">
      <marc:subfield code="c">Jutta Treiber. Mit Farbbildern von Vanessa Karre</marc:subfield>
   </marc:datafield>
   <marc:datafield ind1=" " ind2="1" tag="264">
      <marc:subfield code="a">Innsbruck</marc:subfield>
      <marc:subfield code="b">Obelisk</marc:subfield>
      <marc:subfield code="c">2017</marc:subfield>
   </marc:datafield>
   <marc:datafield ind1=" " ind2=" " tag="250">
      <marc:subfield code="a">1. Aufl.</marc:subfield>
   </marc:datafield>
   <marc:datafield ind1="1" ind2=" " tag="520">
      <marc:subfield code="a">In kurzer Zeit hatte Doris alles für die Prinzessin organisiert: Ein billiges Zimmer, wo sie wohnen konnte. Eine Schule, wo sie ihr Praktikum beginnen konnte. Doris gab ihr auch etwas Geld, das&lt;br/&gt;die Prinzessin später zurückzahlen sollte. Dann gingen sie in die Stadt und kauften die nötigsten Sachen ein. Unter anderen auch ein Notizbuch, in das die Prinzessin ihre Eindrücke&lt;br/&gt;und Verbesserungsvorschläge schreiben konnte. Sie schrieb in ihr Notizbuch: In der Welt braucht man für alles Geld.&lt;br/&gt;Manche Menschen helfen einem weiter. Zimmer sind klein.&lt;br/&gt;Wenn man auf einer Parkbank schläft, ist einem am Morgen kalt. [Verlagsmeldung]&lt;br/&gt;</marc:subfield>
   </marc:datafield>
   <marc:datafield ind1=" " ind2=" " tag="020">
      <marc:subfield code="a">9783851978575</marc:subfield>
      <marc:subfield code="9">9783851978575</marc:subfield>
   </marc:datafield>
   <marc:datafield ind1=" " ind2=" " tag="041">
      <marc:subfield code="a">ger</marc:subfield>
   </marc:datafield>
   <marc:datafield ind1=" " ind2=" " tag="300">
      <marc:subfield code="a">71 S.</marc:subfield>
   </marc:datafield>
</marc:record>
